[Event "Chigorin Memorial"]
[Site "St Petersburg"]
[Date "2015.10.08"]
[Round "6.108"]
[White "Shubin, Kirill"]
[Black "Nazarova, Anastasia"]
[Result "1-0"]
[WhiteElo "2176"]
[BlackElo "1941"]
[PlyCount "141"]
[EventDate "2015.10.03"]
[EventRounds "9"]
[EventCountry "RUS"]

1. e4 c5 2. Nf3 Nc6 3. Bb5 g6 4. c3 Bg7 5. O-O e5 6. d3 a6 7. Bxc6 bxc6 8. Be3
d6 9. d4 cxd4 10. cxd4 Bg4 11. dxe5 Bxe5 12. Nbd2 Bxf3 13. Nxf3 Bg7 14. Bf4 Ra7
15. Qc2 Ne7 16. Rfd1 Rd7 17. Rab1 O-O 18. Qa4 d5 19. exd5 Rxd5 20. Bg5 f6 21.
Be3 Qc8 22. Rbc1 Rfd8 23. Re1 Qb7 24. Bc5 Nf5 25. Ba3 Qb5 26. Qc2 Rc8 27. Qe4
Qb7 28. Rc2 Qd7 29. Qc4 a5 30. Rce2 Kh8 31. Qc3 a4 32. Qc4 c5 33. Re4 Nd4 34.
Nxd4 Rxd4 35. Qc2 f5 36. Re7 Qb5 37. Qc3 Rg8 38. Qxc5 Qxc5 39. Bxc5 Rc4 40. Ba3
Bf6 41. R7e2 Rgc8 42. g3 Kg7 43. b3 axb3 44. axb3 Rc3 45. Bb2 R3c6 46. Re7+ Kg8
47. Bxf6 Rxf6 48. Rb7 Rf7 49. Rxf7 Kxf7 50. b4 Rb8 51. Rb1 Ke6 52. Kg2 Kd5 53.
Kf3 Kc6 54. Kf4 Re8 55. b5+ Kb6 56. f3 Re2 57. h4 Rg2 58. Rb3 h6 59. Rb1 Rh2
60. Re1 Kxb5 61. Re6 g5+ 62. hxg5 hxg5+ 63. Kxg5 Rg2 64. Kf4 Kc5 65. Re5+ Kd6
66. Rxf5 Ke7 67. g4 Rg1 68. Kg5 Rg2 69. f4 Rg1 70. Ra5 Rf1 71. Ra7+ 1-0

[Event "Chigorin Memorial"]
[Site "St Petersburg"]
[Date "2015.10.08"]
[Round "6.109"]
[White "Mukhtarova, Viktoriya"]
[Black "Pimenov, Valeri"]
[Result "0-1"]
[WhiteElo "1782"]
[BlackElo "2171"]
[PlyCount "86"]
[EventDate "2015.10.03"]
[EventRounds "9"]
[EventCountry "RUS"]

1. Nf3 c5 2. g3 Nc6 3. Bg2 g6 4. O-O Bg7 5. d3 e6 6. Nbd2 Nge7 7. e4 O-O 8. c3
d5 9. Re1 b5 10. e5 a5 11. d4 Qc7 12. Nf1 b4 13. Bf4 a4 14. Qd2 a3 15. b3 c4
16. bxc4 dxc4 17. cxb4 Nd5 18. Bh6 c3 19. Qc1 Ncxb4 20. Bxg7 Kxg7 21. Ne3 Nd3
22. Nxd5 exd5 23. Qg5 Nxe1 24. Qf6+ Kg8 25. Nxe1 Rb8 26. Bxd5 c2 27. Rc1 Rb1
28. Qf4 Qc3 29. Nxc2 Qxc2 30. Rxb1 Qxb1+ 31. Kg2 Ba6 32. g4 Bb7 33. Bxb7 Qxb7+
34. Kg3 Qd5 35. h4 Qxa2 36. h5 Qe6 37. Qe3 a2 38. Qa3 Qd5 39. h6 Ra8 40. Qe7
a1=Q 41. Qf6 Qg1+ 42. Kh4 Qdh1+ 43. Kg5 Qh5+ 0-1

[Event "Chigorin Memorial"]
[Site "St Petersburg"]
[Date "2015.10.08"]
[Round "6.110"]
[White "Borisovsky, Dmitry"]
[Black "Ivanov, Nikolay A"]
[Result "1-0"]
[WhiteElo "2169"]
[BlackElo "1895"]
[PlyCount "49"]
[EventDate "2015.10.03"]
[EventRounds "9"]
[EventCountry "RUS"]

1. e4 c5 2. Nf3 Nc6 3. Bb5 g6 4. Bxc6 bxc6 5. O-O Bg7 6. Re1 Nf6 7. e5 Nd5 8.
c4 Nc7 9. d4 cxd4 10. Qxd4 O-O 11. Qh4 Ne6 12. Bh6 d6 13. Nc3 f6 14. Bxg7 Nxg7
15. exf6 exf6 16. Rad1 Rb8 17. b3 Rb7 18. Nd4 Nf5 19. Nxf5 Bxf5 20. Qf4 Re8 21.
Rxe8+ Qxe8 22. g4 Bc8 23. Ne4 Qe5 24. Qxe5 dxe5 25. Rd8+ 1-0

[Event "Chigorin Memorial"]
[Site "St Petersburg"]
[Date "2015.10.08"]
[Round "6.111"]
[White "Rybaizen, Boris"]
[Black "Pavlov, Anatoly F"]
[Result "1/2-1/2"]
[WhiteElo "2324"]
[BlackElo "2018"]
[PlyCount "128"]
[EventDate "2015.10.03"]
[EventRounds "9"]
[EventCountry "RUS"]

1. d4 f5 2. c4 Nf6 3. Nc3 g6 4. e3 Bg7 5. Bd3 d6 6. Nge2 O-O 7. O-O c6 8. b3 a5
9. Bb2 Na6 10. a3 e5 11. f3 Qe7 12. Ng3 Bd7 13. Qe2 Rfe8 14. Rae1 h5 15. h3 Nh7
16. Qf2 Qh4 17. Nge2 Qxf2+ 18. Kxf2 Nf8 19. Na4 c5 20. Nb6 Ra7 21. dxe5 dxe5
22. Bc2 Be6 23. Rd1 Nb8 24. Nc3 Nbd7 25. Nca4 Nxb6 26. Nxb6 Ra6 27. Nd5 Rc6 28.
Rd2 Kf7 29. Rfd1 Rd8 30. h4 Rdd6 31. g3 Rc8 32. Nc3 Rxd2+ 33. Rxd2 Rc6 34. Rd8
Rc8 35. Rxc8 Bxc8 36. Na4 Nd7 37. e4 Ke6 38. exf5+ gxf5 39. f4 Bf6 40. fxe5
Bxe5 41. Bxe5 Kxe5 42. Bd1 Nf6 43. Nxc5 Kd4 44. Na4 Bd7 45. Nb6 Bc6 46. Bf3
Ne4+ 47. Kg2 Kc3 48. Bxh5 Kxb3 49. a4 Kb4 50. Bf3 Kc5 51. Nd5 Bxa4 52. Ne3 Bd7
53. g4 fxg4 54. Bxe4 Kd4 55. Bb1 Kxe3 56. h5 Be6 57. h6 Bg8 58. Kg3 Kd2 59. c5
a4 60. h7 Bxh7 61. Bxh7 a3 62. Bg8 Kc3 63. Kxg4 Kb4 64. Kf4 Kxc5 1/2-1/2

[Event "Chigorin Memorial"]
[Site "St Petersburg"]
[Date "2015.10.08"]
[Round "6.112"]
[White "Gordon, Evgeny"]
[Black "Hojjatova, Aydan"]
[Result "0-1"]
[WhiteElo "2015"]
[BlackElo "2315"]
[PlyCount "94"]
[EventDate "2015.10.03"]
[EventRounds "9"]
[EventCountry "RUS"]

1. d4 d6 2. Nf3 f5 3. g3 Nf6 4. Bg2 g6 5. c4 Bg7 6. Nc3 O-O 7. O-O c6 8. d5 e5
9. dxe6 Bxe6 10. Qd3 Ng4 11. Ng5 Bc8 12. Nf3 Na6 13. Bg5 Ne5 14. Bxd8 Nxd3 15.
exd3 Rxd8 16. a3 Be6 17. Rfe1 Re8 18. Ng5 Bd7 19. Bf1 Nc5 20. Nf3 h6 21. Re3 g5
22. Rae1 Ne6 23. R3e2 Bf6 24. Nb1 Kf7 25. Kh1 Rg8 26. Rc2 g4 27. Nh4 Nd4 28.
Rcc1 Bxh4 29. gxh4 Nf3 30. Red1 Nxh4 31. Nc3 h5 32. d4 Rae8 33. b4 f4 34. Re1
Bf5 35. b5 Rxe1 36. Rxe1 Nf3 37. Rc1 Nxd4 38. bxc6 bxc6 39. Rd1 c5 40. Nd5 Be4+
41. Bg2 f3 42. Bf1 Bxd5 43. cxd5 Ne2 44. Rb1 Re8 45. h3 c4 46. Kh2 c3 47. Rb7+
Re7 0-1

[Event "Chigorin Memorial"]
[Site "St Petersburg"]
[Date "2015.10.08"]
[Round "6.113"]
[White "Balaian, Alina"]
[Black "Kiseleva, Arina"]
[Result "1-0"]
[WhiteElo "2269"]
[BlackElo "1998"]
[PlyCount "99"]
[EventDate "2015.10.03"]
[EventRounds "9"]
[EventCountry "RUS"]

1. e4 c6 2. d4 d5 3. exd5 cxd5 4. c4 e6 5. Nc3 Bb4 6. Nf3 Nf6 7. cxd5 Nxd5 8.
Bd2 Nc6 9. Bd3 Nxc3 10. bxc3 Be7 11. Qe2 O-O 12. O-O Qd5 13. Rfe1 Re8 14. Be4
Qh5 15. Rab1 f5 16. Bd3 Bd6 17. h3 Rb8 18. Bc4 Kh8 19. Ng5 Qg6 20. Bxe6 Re7 21.
Qc4 Bxe6 22. Rxe6 Rxe6 23. Qxe6 Qxe6 24. Nxe6 Na5 25. Rb5 Nc4 26. Bf4 Re8 27.
Bxd6 Nxd6 28. Re5 g6 29. Nc7 Rc8 30. Re7 b5 31. Kf1 a5 32. Ke2 b4 33. cxb4 axb4
34. f3 f4 35. Kd3 Rb8 36. Re6 Rb7 37. Rxd6 Rxc7 38. Ra6 Kg7 39. d5 Rc1 40. Ke4
Ra1 41. Ra4 Rg1 42. Rxb4 Rxg2 43. a4 Kf6 44. Rb6+ Kg5 45. d6 Re2+ 46. Kd5 Kf6
47. d7+ Ke7 48. Re6+ Rxe6 49. d8=Q+ Kxd8 50. Kxe6 1-0

[Event "Chigorin Memorial"]
[Site "St Petersburg"]
[Date "2015.10.08"]
[Round "6.114"]
[White "Nikulina, Alena"]
[Black "Shapiro, David"]
[Result "1/2-1/2"]
[WhiteElo "2010"]
[BlackElo "2255"]
[PlyCount "80"]
[EventDate "2015.10.03"]
[EventRounds "9"]
[EventCountry "RUS"]

1. e4 e5 2. Nf3 Nf6 3. Nc3 Nc6 4. d4 exd4 5. Nxd4 Bb4 6. Bg5 h6 7. Nxc6 bxc6 8.
Bh4 Qe7 9. Bd3 g5 10. Bg3 Nxe4 11. O-O Nxc3 12. Qg4 Nb5 13. c3 h5 14. Qc4 O-O
15. cxb4 Qf6 16. Qe4 Qg7 17. Bxb5 d5 18. Qd3 cxb5 19. Qxd5 Be6 20. Qxb5 f6 21.
Qc6 Qf7 22. Qxc7 Bxa2 23. Qxf7+ Bxf7 24. Bd6 Rfc8 25. Rfc1 a6 26. f3 Rc4 27.
Be7 Kg7 28. b3 Rxc1+ 29. Rxc1 Ra7 30. Bd8 Rd7 31. Bb6 Bxb3 32. Rc7 Rxc7 33.
Bxc7 Bc4 34. Kf2 Kf7 35. Bb6 Bb5 36. Bc5 Bc4 37. Bb6 Bb5 38. Bc5 Bc4 39. Bb6
Bd3 40. Bc5 Bb5 1/2-1/2

[Event "Chigorin Memorial"]
[Site "St Petersburg"]
[Date "2015.10.08"]
[Round "6.116"]
[White "Vinod, G."]
[Black "Shkalov, Oleg"]
[Result "1/2-1/2"]
[WhiteElo "1990"]
[BlackElo "2239"]
[PlyCount "82"]
[EventDate "2015.10.03"]
[EventRounds "9"]
[EventCountry "RUS"]

1. e4 c5 2. c3 d5 3. exd5 Qxd5 4. d4 Nc6 5. Nf3 e6 6. Be2 Nf6 7. O-O a6 8. dxc5
Qxd1 9. Rxd1 Bxc5 10. Nbd2 O-O 11. Nb3 Ba7 12. Nbd4 Nxd4 13. Nxd4 e5 14. Nf3
Ng4 15. Rf1 Re8 16. h3 Nf6 17. Be3 Bxe3 18. fxe3 Nd5 19. Ng5 Be6 20. Rf3 Rad8
21. Rd1 Nc7 22. Nxe6 Nxe6 23. Rff1 Kf8 24. Bf3 Rxd1 25. Rxd1 Rd8 26. Rxd8+ Nxd8
27. Kf2 f5 28. g4 g6 29. gxf5 gxf5 30. c4 e4 31. Be2 a5 32. Kg3 Ke7 33. a3 b6
34. b4 axb4 35. axb4 Ne6 36. Bd1 Kd6 37. Bb3 Ke5 38. c5 bxc5 39. Bxe6 Kxe6 40.
bxc5 Ke5 41. c6 f4+ 1/2-1/2

[Event "Chigorin Memorial"]
[Site "St Petersburg"]
[Date "2015.10.08"]
[Round "6.117"]
[White "Bubnov, Kirill"]
[Black "Abramov, Nikita"]
[Result "0-1"]
[WhiteElo "1988"]
[BlackElo "2222"]
[PlyCount "60"]
[EventDate "2015.10.03"]
[EventRounds "9"]
[EventCountry "RUS"]

1. c4 b6 2. Nc3 e6 3. e4 Bb7 4. d4 Bb4 5. e5 f5 6. d5 Qh4 7. dxe6 dxe6 8. Qa4+
Nc6 9. Bd2 Bxc3 10. Bxc3 O-O-O 11. Nf3 Qg4 12. h3 Qe4+ 13. Be2 Nge7 14. Rg1 f4
15. b4 Ng6 16. Ng5 Qf5 17. Nxe6 f3 18. Nxg7 Qf8 19. Ne6 Qe7 20. Bxf3 Ncxe5 21.
Bxb7+ Kxb7 22. Nxd8+ Rxd8 23. Kf1 Qf7 24. Qb3 Nd3 25. Be1 Nge5 26. Rd1 Qf5 27.
Qc2 Re8 28. Bc3 Nf3 29. gxf3 Qxh3+ 30. Rg2 Nf4 0-1

[Event "Chigorin Memorial"]
[Site "St Petersburg"]
[Date "2015.10.08"]
[Round "6.118"]
[White "Zaykov, Sergey"]
[Black "Skafar, Darya"]
[Result "1-0"]
[WhiteElo "2210"]
[BlackElo "1961"]
[PlyCount "113"]
[EventDate "2015.10.03"]
[EventRounds "9"]
[EventCountry "RUS"]

1. e4 d6 2. d4 Nf6 3. Nc3 g6 4. Be2 Bg7 5. h4 c5 6. d5 h5 7. Nf3 Bg4 8. Be3
Nbd7 9. Qd2 a6 10. a4 b6 11. Bf4 O-O 12. Bh6 Qc7 13. Bxg7 Kxg7 14. O-O Rfd8 15.
Rfd1 Qb7 16. Qf4 Bxf3 17. Qxf3 Ne5 18. Qe3 Rdc8 19. b3 Qc7 20. Qg3 Kh7 21. Re1
Rd8 22. Rad1 Rd7 23. Bf1 Qb7 24. f4 Neg4 25. Bc4 Rdd8 26. e5 Ng8 27. Ne4 f6 28.
exd6 exd6 29. Qc3 Qf7 30. f5 gxf5 31. Ng3 Qg6 32. Nxf5 Ne5 33. Bd3 Nxd3 34.
Qxd3 Re8 35. Re6 Rxe6 36. dxe6 Re8 37. Qd5 Ne7 38. Nxe7 Rxe7 39. Qxd6 Rg7 40.
Qd3 Qxd3 41. Rxd3 Kg6 42. Rd6 Rb7 43. Kf2 Kf5 44. Kf3 Ke5 45. Rd7 Rb8 46. e7
Re8 47. Rb7 b5 48. axb5 axb5 49. Rxb5 Kd6 50. Rb7 Ke5 51. Ra7 Rg8 52. Ra1 Re8
53. Re1+ Kf5 54. c3 Kg6 55. Kf4 Kf7 56. b4 cxb4 57. cxb4 1-0

[Event "Chigorin Memorial"]
[Site "St Petersburg"]
[Date "2015.10.08"]
[Round "6.119"]
[White "Kuryshev, Ivan"]
[Black "Shemyakin, Valeriy"]
[Result "1-0"]
[WhiteElo "1989"]
[BlackElo "2169"]
[PlyCount "45"]
[EventDate "2015.10.03"]
[EventRounds "9"]
[EventCountry "RUS"]

1. d4 Nf6 2. c4 e6 3. g3 Bb4+ 4. Bd2 Qe7 5. Bg2 O-O 6. Nf3 b6 7. Ne5 c6 8. O-O
Bxd2 9. Qxd2 Bb7 10. Nc3 d6 11. Nf3 c5 12. d5 e5 13. e4 Nh5 14. Ne1 Ba6 15. b3
Nd7 16. Nd3 g6 17. f4 exf4 18. gxf4 Rae8 19. Rae1 f6 20. Bh3 Bc8 21. Nb5 Ne5
22. Bxc8 Nxd3 23. Be6+ 1-0

[Event "Chigorin Memorial"]
[Site "St Petersburg"]
[Date "2015.10.08"]
[Round "6.120"]
[White "Permin, Viktor"]
[Black "Malofeev, Alex"]
[Result "1-0"]
[WhiteElo "1978"]
[BlackElo "2141"]
[PlyCount "83"]
[EventDate "2015.10.03"]
[EventRounds "9"]
[EventCountry "RUS"]

1. d4 d5 2. c4 c6 3. cxd5 cxd5 4. Nc3 Nf6 5. Bf4 Nc6 6. Rc1 Qb6 7. e3 a6 8. Qd2
e6 9. Bd3 Nh5 10. Bg3 Nxg3 11. hxg3 g6 12. g4 Bg7 13. f4 Qd8 14. Nf3 e5 15.
Nxe5 Nxe5 16. dxe5 Bxg4 17. Be2 Be6 18. Bf3 Rc8 19. Rd1 f6 20. exf6 Bxf6 21.
Nxd5 Bg7 22. O-O O-O 23. Qb4 a5 24. Qxb7 Rf7 25. Qa6 Qe8 26. Nb6 Rb8 27. Qxa5
Rf5 28. Nd5 Kh8 29. e4 Rf7 30. Nc7 Qe7 31. Nxe6 Qxe6 32. Rd8+ Rxd8 33. Qxd8+
Rf8 34. Qd5 Qb6+ 35. Kh2 Rxf4 36. Qg5 Qxb2 37. Rb1 Qxb1 38. Qxf4 Qb2 39. Qf7
Qb8+ 40. Kh3 Be5 41. Bg4 Qd8 42. a4 {unreadable} 1-0

[Event "Chigorin Memorial"]
[Site "St Petersburg"]
[Date "2015.10.08"]
[Round "6.121"]
[White "Sheynin, Izrail"]
[Black "Altshul, Raffael"]
[Result "1/2-1/2"]
[WhiteElo "1957"]
[BlackElo "2130"]
[PlyCount "82"]
[EventDate "2015.10.03"]
[EventRounds "9"]
[EventCountry "RUS"]

1. e4 g6 2. d4 d6 3. Nc3 c6 4. f4 Qb6 5. Nf3 Bg4 6. Qd3 Bxf3 7. gxf3 Bg7 8. Be3
Qa5 9. O-O-O Nf6 10. Kb1 Nbd7 11. Bh3 Rd8 12. e5 Nd5 13. Nxd5 Qxd5 14. e6 Nb6
15. f5 Qxf3 16. exf7+ Kf8 17. Bc1 Qxd3 18. Rxd3 Kxf7 19. fxg6+ hxg6 20. Rf1+
Bf6 21. Rdf3 Kg7 22. c3 Nd7 23. Rg1 Rh5 24. Bf5 Nf8 25. h3 Kf7 26. Bg4 Rh8 27.
Rgf1 Nh7 28. h4 Rdg8 29. Bg5 Ke8 30. Be6 Nxg5 31. hxg5 Bxg5 32. Bf7+ Kd7 33.
Bxg8 Rxg8 34. Rf8 Rxf8 35. Rxf8 Bf6 36. Kc2 d5 37. Rg8 g5 38. Kd3 b6 39. b3 c5
40. a4 cxd4 41. cxd4 a5 1/2-1/2

[Event "Chigorin Memorial"]
[Site "St Petersburg"]
[Date "2015.10.08"]
[Round "6.122"]
[White "Petrochenko, Maria"]
[Black "Savinov, Leonid"]
[Result "1/2-1/2"]
[WhiteElo "1947"]
[BlackElo "2110"]
[PlyCount "115"]
[EventDate "2015.10.03"]
[EventRounds "9"]
[EventCountry "RUS"]

1. c4 e5 2. Nc3 f5 3. g3 Nf6 4. Bg2 Nc6 5. d3 Bc5 6. e3 d6 7. Nge2 O-O 8. O-O
a6 9. a3 Ba7 10. b4 Ne7 11. Nd5 c6 12. Nxe7+ Qxe7 13. Nc3 f4 14. exf4 Bd4 15.
Qc2 Ng4 16. Bb2 Nxf2 17. Rxf2 exf4 18. Ne4 Bxf2+ 19. Qxf2 f3 20. Bxf3 Bg4 21.
Nd2 Rae8 22. Rf1 Bh3 23. Rd1 Qe3 24. Qxe3 Rxe3 25. Kf2 Rexf3+ 26. Nxf3 Bg4 27.
Rd2 Rxf3+ 28. Kg2 Rf7 29. h3 Bf3+ 30. Kg1 Bh5 31. g4 Bg6 32. Kg2 h5 33. c5 dxc5
34. bxc5 hxg4 35. hxg4 Rd7 36. d4 Be4+ 37. Kg3 Bd5 38. Re2 Rf7 39. Re3 Kh7 40.
Bc3 g5 41. Ba5 Rf4 42. Bd8 Kg6 43. Bxg5 Rxd4 44. Bd8 Rc4 45. Bb6 a5 46. Ba7 a4
47. Bb6 Rc2 48. Kf4 Rc4+ 49. Ke5 Rxg4 50. Ba5 Bc4 51. Bb4 Ba6 52. Rf3 Rg2 53.
Rf6+ Kg5 54. Rf8 Re2+ 55. Kd6 Kg4 56. Kc7 Re4 57. Kb6 Rf4 58. Rxf4+ 1/2-1/2

[Event "Chigorin Memorial"]
[Site "St Petersburg"]
[Date "2015.10.08"]
[Round "6.123"]
[White "Babanin, Gleb"]
[Black "Lazhevskaya, Zhanni"]
[Result "0-1"]
[WhiteElo "1941"]
[BlackElo "2098"]
[PlyCount "52"]
[EventDate "2015.10.03"]
[EventRounds "9"]
[EventCountry "RUS"]

1. e4 e5 2. Nf3 Nc6 3. Bb5 Bc5 4. c3 f5 5. d4 fxe4 6. Bxc6 dxc6 7. Nxe5 Bd6 8.
Qh5+ g6 9. Qe2 Bf5 10. g4 Be6 11. Qxe4 Nf6 12. Qe2 O-O 13. Bg5 Bxe5 14. dxe5
Qd5 15. Rg1 Bxg4 16. Rxg4 Qh1+ 17. Kd2 Nxg4 18. Qxg4 Rxf2+ 19. Ke3 Qe1+ 20. Kd4
c5+ 21. Kd5 Re8 22. Qg3 Qh1+ 23. Kxc5 b6+ 24. Kd4 c5+ 25. Kc4 Qe4+ 26. Kb3 b5
0-1

[Event "Chigorin Memorial"]
[Site "St Petersburg"]
[Date "2015.10.08"]
[Round "6.124"]
[White "Rivonenko, Vladislav"]
[Black "Ngnegevo, Filipp"]
[Result "0-1"]
[WhiteElo "2090"]
[BlackElo "1937"]
[PlyCount "62"]
[EventDate "2015.10.03"]
[EventRounds "9"]
[EventCountry "RUS"]

1. e4 c5 2. Nf3 d6 3. d4 cxd4 4. Qxd4 a6 5. Bg5 Nc6 6. Qd2 Nf6 7. Nc3 h6 8.
Bxf6 gxf6 9. O-O-O b5 10. Nd4 Bb7 11. f3 e6 12. Kb1 Qb6 13. Nxc6 Qxc6 14. Qe3
O-O-O 15. Be2 b4 16. Rd4 d5 17. exd5 exd5 18. Ne4 f5 19. Ng3 Bc5 20. Nxf5 Rhe8
21. Qd2 Bxd4 22. Nxd4 Qb6 23. Qf4 Rd7 24. Bd3 Rc7 25. Rd1 Kb8 26. b3 Ka7 27. g4
Rce7 28. Nf5 Re1 29. Kc1 Rxd1+ 30. Kxd1 Qg1+ 31. Kd2 Qe1# 0-1

[Event "Chigorin Memorial"]
[Site "St Petersburg"]
[Date "2015.10.08"]
[Round "6.125"]
[White "Dushin, Nikolay"]
[Black "Yakimenko, Alexander A"]
[Result "0-1"]
[WhiteElo "1936"]
[BlackElo "2090"]
[PlyCount "84"]
[EventDate "2015.10.03"]
[EventRounds "9"]
[EventCountry "RUS"]

1. Nf3 e6 2. b3 Nf6 3. Bb2 d5 4. e3 Be7 5. Be2 O-O 6. O-O Nbd7 7. c4 c6 8. Qc2
Re8 9. d3 Bf8 10. Nc3 b6 11. d4 Bb7 12. Rad1 Rc8 13. Bd3 c5 14. Ng5 g6 15. dxc5
Nxc5 16. cxd5 Nxd5 17. Nxd5 Nxd3 18. Qxd3 Qxd5 19. Qxd5 Bxd5 20. Rc1 Be7 21.
Nf3 Bb7 22. Rfd1 Rxc1 23. Rxc1 Rc8 24. Rxc8+ Bxc8 25. Nd2 f6 26. f3 Kf7 27. Kf2
Bb7 28. Bc3 e5 29. e4 Bc5+ 30. Kg3 Ke6 31. f4 exf4+ 32. Kxf4 Bd6+ 33. Ke3 Bxh2
34. Nf3 Bg3 35. b4 h5 36. a4 Bd6 37. Nd4+ Kf7 38. Nb5 Bb8 39. Bd4 Bc6 40. Nxa7
Bxa7 41. a5 Ke6 42. axb6 Bb8 0-1

[Event "Chigorin Memorial"]
[Site "St Petersburg"]
[Date "2015.10.08"]
[Round "6.126"]
[White "Sakorenko, Adriana"]
[Black "Kurilo, Vladislav"]
[Result "0-1"]
[WhiteElo "1935"]
[BlackElo "2088"]
[PlyCount "118"]
[EventDate "2015.10.03"]
[EventRounds "9"]
[EventCountry "RUS"]

1. e4 c6 2. d4 d5 3. exd5 cxd5 4. c4 Nf6 5. Nc3 Nc6 6. Bg5 Be6 7. Nf3 Qa5 8.
Bxf6 exf6 9. c5 Bxc5 10. dxc5 d4 11. Nxd4 O-O-O 12. Qa4 Qxa4 13. Nxa4 Rxd4 14.
Nc3 Nb4 15. Rd1 Rxd1+ 16. Kxd1 Rd8+ 17. Kc1 Nxa2+ 18. Nxa2 Bxa2 19. Kc2 Be6 20.
Be2 Bd5 21. Bd3 Re8 22. f3 Kc7 23. b4 a6 24. Kc3 h6 25. Rd1 Be6 26. Bc2 g5 27.
Re1 Rg8 28. Re3 f5 29. Re5 f4 30. h3 Rd8 31. Re1 b6 32. cxb6+ Kxb6 33. Bd3 a5
34. bxa5+ Kxa5 35. Ra1+ Kb6 36. Rb1+ Kc5 37. Rb5+ Kd6 38. Rb2 Rc8+ 39. Kd2 Ra8
40. Kc3 Ra3+ 41. Kd4 Ra4+ 42. Kc3 Ra1 43. Be4 Ke5 44. Rb5+ Kf6 45. Rb2 Rd1 46.
Bd3 Rg1 47. Kd4 h5 48. Rf2 Rd1 49. Kc3 Bf5 50. Bxf5 Kxf5 51. Rd2 Rg1 52. Kd4 f6
53. Re2 Rd1+ 54. Kc3 g4 55. hxg4+ hxg4 56. Rd2 Rxd2 57. Kxd2 gxf3 58. gxf3 Kg5
59. Kd3 Kh4 0-1

[Event "Chigorin Memorial"]
[Site "St Petersburg"]
[Date "2015.10.08"]
[Round "6.127"]
[White "Shmoilov, Dmitry"]
[Black "Aseev, Vladimir"]
[Result "0-1"]
[WhiteElo "1934"]
[BlackElo "2087"]
[PlyCount "58"]
[EventDate "2015.10.03"]
[EventRounds "9"]
[EventCountry "RUS"]

1. d4 d5 2. Nf3 Nf6 3. c4 c6 4. Qc2 g6 5. Bf4 Bg7 6. e3 O-O 7. Nc3 Nh5 8. Bg3
Nxg3 9. hxg3 Na6 10. a3 Qa5 11. Rb1 dxc4 12. Bxc4 b5 13. Ba2 Bf5 14. e4 Bc8 15.
Kf1 b4 16. Ne2 Rb8 17. Qd2 Qa4 18. Rc1 bxa3 19. Nc3 Qa5 20. bxa3 Qxa3 21. Bc4
Rb4 22. Ne5 e6 23. Ne2 Qb2 24. Qxb2 Rxb2 25. Nxc6 Nb4 26. Nxa7 Bd7 27. e5 Ra8
28. Nb5 Bxb5 29. Bxb5 Na2 0-1

[Event "Chigorin Memorial"]
[Site "St Petersburg"]
[Date "2015.10.08"]
[Round "6.128"]
[White "Rubtsov, Aleksandr"]
[Black "Chekletsov, Egor"]
[Result "1-0"]
[WhiteElo "1924"]
[BlackElo "2082"]
[PlyCount "91"]
[EventDate "2015.10.03"]
[EventRounds "9"]
[EventCountry "RUS"]

1. e4 e5 2. Nf3 Nf6 3. Nxe5 Qe7 4. d4 Nc6 5. Nxc6 Qxe4+ 6. Qe2 dxc6 7. Qxe4+
Nxe4 8. Bd3 Nf6 9. Nc3 Be6 10. f3 O-O-O 11. Be3 Bb4 12. Kf2 Ba5 13. a3 Bb6 14.
Ne2 Nd5 15. Bd2 Ne7 16. g4 h6 17. Be3 a6 18. h4 h5 19. g5 Bf5 20. Be4 Bxe4 21.
fxe4 Ng6 22. Rad1 Nf8 23. c4 Ne6 24. c5 Ba7 25. b4 b6 26. Nf4 Rde8 27. Kf3 Kb7
28. Nd3 Re7 29. Nf4 a5 30. Nxe6 Rxe6 31. Bf4 Rhe8 32. Rhe1 R6e7 33. Rd2 Ka6 34.
Rc2 Kb5 35. Be5 g6 36. Rb1 Ra8 37. a4+ Ka6 38. b5+ Kb7 39. bxc6+ Ka6 40. Bf4
Rd8 41. d5 bxc5 42. Rb7 Bb6 43. Rb2 Rde8 44. R2xb6+ cxb6 45. Rxe7 Rxe7 46. d6
1-0

[Event "Chigorin Memorial"]
[Site "St Petersburg"]
[Date "2015.10.08"]
[Round "6.129"]
[White "Sergeyev, Dmitriy"]
[Black "Mischeryakov, Alexey"]
[Result "0-1"]
[WhiteElo "2077"]
[BlackElo "1923"]
[PlyCount "118"]
[EventDate "2015.10.03"]
[EventRounds "9"]
[EventCountry "RUS"]

1. e4 c6 2. d4 d5 3. f3 e6 4. Nc3 Bb4 5. Bf4 Ne7 6. Nge2 O-O 7. Qd3 Nd7 8.
O-O-O b5 9. h4 Nb6 10. a3 Bd6 11. Bxd6 Qxd6 12. e5 Qc7 13. Ng3 a5 14. Qe3 b4
15. Nb1 Ba6 16. Qg5 f6 17. Qg4 f5 18. Qf4 Bxf1 19. Nxf1 Qb7 20. Nfd2 Nc4 21.
Nxc4 dxc4 22. d5 cxd5 23. h5 Rab8 24. a4 Qd7 25. Qxc4 Qxa4 26. Qa6 Kf7 27. Rd2
Qb5 28. Qa7 Rb7 29. Qe3 h6 30. g4 fxg4 31. fxg4 Kg8 32. Rf2 Nc6 33. Rxf8+ Kxf8
34. g5 hxg5 35. Qxg5 Rf7 36. Nd2 Ke8 37. h6 gxh6 38. Rxh6 Kd7 39. Rg6 Qe2 40.
Kb1 Qxe5 41. Qg1 Qd4 42. Qe1 Qe5 43. Qg1 Nd4 44. Rg5 Qf6 45. Rg8 b3 46. cxb3
Qf2 47. Qg5 Qf5+ 48. Qxf5 Rxf5 49. Ka2 Rf2 50. Nb1 Rf1 51. Ra8 Nc6 52. Rh8 Nb4+
53. Ka3 Nc2+ 54. Ka2 d4 55. Rh2 d3 56. Rd2 Ke7 57. Rh2 e5 58. b4 Nxb4+ 59. Ka1
e4 0-1

[Event "Chigorin Memorial"]
[Site "St Petersburg"]
[Date "2015.10.08"]
[Round "6.130"]
[White "Kuznetsov, Felix"]
[Black "Grishaev, Igor"]
[Result "1-0"]
[WhiteElo "2074"]
[BlackElo "1922"]
[PlyCount "115"]
[EventDate "2015.10.03"]
[EventRounds "9"]
[EventCountry "RUS"]

1. f4 b6 2. Nf3 Bb7 3. b3 d5 4. Bb2 Nd7 5. e3 Ngf6 6. Be2 Ne4 7. O-O Ndf6 8.
Ne5 Nd6 9. Bf3 e6 10. Qe1 h5 11. d3 h4 12. Nd2 h3 13. g3 Rg8 14. Bh1 g5 15.
fxg5 Nd7 16. Qf2 Nxe5 17. Bxe5 Qd7 18. Bf6 c6 19. Nf3 Bg7 20. Ne5 Qc7 21. Bxg7
Rxg7 22. Qf6 Kf8 23. g6 Kg8 24. gxf7+ Nxf7 25. Qxg7+ Kxg7 26. Rxf7+ Qxf7 27.
Nxf7 Kxf7 28. Rf1+ Ke7 29. d4 a5 30. a3 Ba6 31. Rf4 e5 32. dxe5 Ke6 33. Bf3
Kxe5 34. Rh4 Rf8 35. Kf2 Bc8 36. g4 b5 37. Kg3 b4 38. a4 Kd6 39. Rxh3 c5 40.
Rh6+ Be6 41. g5 Ke5 42. h4 Bf5 43. Bd1 Ke4 44. Rf6 Rg8 45. Bf3+ Ke5 46. Bxd5
Rg7 47. e4 Bxe4 48. Bxe4 Kxe4 49. Kg4 Rd7 50. Re6+ Kd4 51. g6 Kc3 52. Re2 c4
53. bxc4 Kxc4 54. h5 Rd1 55. Rg2 Rd4+ 56. Kg5 Rd5+ 57. Kh6 Rd6 58. Kh7 1-0

[Event "Chigorin Memorial"]
[Site "St Petersburg"]
[Date "2015.10.08"]
[Round "6.131"]
[White "Sazonova, Anastasia"]
[Black "Komarov, Alexey"]
[Result "1/2-1/2"]
[WhiteElo "2065"]
[BlackElo "1921"]
[PlyCount "87"]
[EventDate "2015.10.03"]
[EventRounds "9"]
[EventCountry "RUS"]

1. d4 d5 2. c4 dxc4 3. e3 e5 4. Bxc4 exd4 5. exd4 Nf6 6. Nf3 Be7 7. O-O O-O 8.
Nc3 Bg4 9. h3 Bh5 10. g4 Bg6 11. Ne5 c5 12. Nxg6 hxg6 13. d5 Ne8 14. Re1 Nd6
15. Bf1 Bg5 16. f4 Bf6 17. Be3 Nd7 18. Qf3 g5 19. Rac1 Re8 20. Bd2 Bd4+ 21. Kh1
Qf6 22. Qg3 gxf4 23. Qxf4 Qxf4 24. Bxf4 Be5 25. Bxe5 Nxe5 26. Nb5 Rad8 27. Rxc5
Re7 28. Nxd6 Rxd6 29. b3 f6 30. Bg2 Kf7 31. Rc8 Re8 32. Rxe8 Kxe8 33. Be4 Kd8
34. Kg2 b6 35. Rc1 Rd7 36. Kf2 Rc7 37. Rxc7 Kxc7 38. Ke3 Kd6 39. Kd4 a6 40. a3
Ke7 41. Bd3 a5 42. Bf5 Nf7 43. a4 Nd6 44. Bd3 1/2-1/2

[Event "Chigorin Memorial"]
[Site "St Petersburg"]
[Date "2015.10.08"]
[Round "6.132"]
[White "Nuritdinov, Nizomiddin"]
[Black "Nikitinyh, Boris"]
[Result "1-0"]
[WhiteElo "1918"]
[BlackElo "2065"]
[PlyCount "79"]
[EventDate "2015.10.03"]
[EventRounds "9"]
[EventCountry "RUS"]

1. d4 Nf6 2. c4 g6 3. Nf3 Bg7 4. Nc3 O-O 5. e4 d6 6. h3 Nc6 7. Be3 Re8 8. d5
Nb4 9. a3 Na6 10. Qc2 Nc5 11. b4 Nfxe4 12. Bd4 Bxd4 13. Nxd4 e5 14. Nf3 Nxc3
15. bxc5 e4 16. Nd4 dxc5 17. Qxc3 cxd4 18. Qxd4 c5 19. Qxc5 Qf6 20. Rc1 e3 21.
fxe3 Bd7 22. Be2 Re4 23. Bf3 b6 24. Qc7 Rxe3+ 25. Kf2 Qd4 26. Rhd1 Rd3+ 27. Kg3
Bf5 28. Rxd3 Qxd3 29. Rd1 Qe3 30. d6 Qe5+ 31. Kf2 Rc8 32. Qe7 Qc5+ 33. Kg3 Qxa3
34. Kh2 Be6 35. Bd5 Bxd5 36. d7 Qxe7 37. dxc8=Q+ Kg7 38. cxd5 Qd6+ 39. Kh1 b5
40. Qc6 1-0